000 00288nam a22001217a 4500
008 181102b xxu||||| |||| 00| 0 eng d
041 _aeng
080 _a612.39
100 _a10
101 _aNUT
245 _aPhysicians Handbook of Nutritional Science
_cWilliams,R.J
942 _2udc
_cBK
999 _c51685
_d51685